LEADER 00844nam a2200217 i 4500 001 000000131253 003 CaOOAMICUS 005 20070219000000.0 008 070219s1978 it u000 u ita u 013 $a104111 040 $aSeMil$bita 100 1 $aOsho.$0(OLS)http://semarc/name/54241 245 13$aIl libro dei segreti :$bdiscorsi su Vijnana Bhairava Tantra /$cBhagwan Shree Rajneesh. 260 $aMilano :$bBompiani,$ccopyr. 1978. 300 $a334 p. ;$c22 cm. 650 4$aTantrismo.$0(OLS)http://semarc/subject/25875 850 $aSeMil 852 $aSeMil$W1$xVenegono$y1$m2R II 32$j85236$B85236$CSeMilBibl$Z2$F120481 $81 961 $aOmaggio: Altro 996 $6245$aIl libro dei segreti :$bdiscorsi su Vijnana Bhairava Tantra$9(OLS)http://semarc/title/193140 996 $6260$aMilano :$bBompiani$9(OLS)http://semarc/publisher/29706 LEADER 00951nam a2200241 i 4500 001 000000187627 003 CaOOAMICUS 005 20150305000000.0 008 150305s1959 it u000 u ita u 013 $a165719 040 $aSeMil$bita 100 1 $aCelada, Domenico.$0(OLS)http://semarc/name/29034 245 10$aGuida alla Basilica di San Marco in Milano /$cDomenico Celada. 260 $aMilano :$b[s.n.],$c1959. 300 $a59 p. :$bill. ;$c24 cm. 500 $aDescrizione basata sulla cop.. - Fondo card. Giovanni Colombo. 650 4$aMilano - Chiese - San Marco.$0(OLS)http://semarc/subject/45007 850 $aSeMil 852 $aSeMil$W1$xVenegono$y1$m3GC VIII 212/7$j138314$B138314$CSeMilBibl$Z2$F149752 $8B 941 1 $a3 961 $aLascito: Colombo Card. Giovanni 996 $6245$aGuida alla Basilica di San Marco in Milano$9(OLS)http://semarc/title/269943 996 $6260$aMilano :$b[s.n.]$9(OLS)http://semarc/publisher/29709